Cricket: Fastest Individual T20 Hundreds - Statistics

General Stats
  • This quiz has been taken 24 times
  • The average score is 6 of 23
Answer Stats
Country Year For Against Final Score Balls for 100 Answer % Correct
WI 2013 Royal Challengers Bangalore Pune Warriors India 175* (66) 30 Chris Gayle
100%
IND 2017 India Sri Lanka 118 (43) 35 Rohit Sharma
70%
SA 2017 South Africa Bangladesh 101* (36) 35 David Miller
57%
SA 2013 Kings XI Punjab Royal Challengers Bangalore 101* (38) 38 David Miller
57%
IND 2018 Delhi Himachal Pradesh 116* (38) 32 Rishabh Pant
57%
IND 2010 Rajasthan Royals Mumbai Indians 100 (37) 37 Yusuf Pathan
43%
AUS 2004 Kent Middlesex 112 (43) 34 Andrew Symonds
30%
NZ 2018 Worcestershire Northamptonshire 102 (38) 35 Martin Guptill
26%
WI 2018 Jamaica Tallawahs Trinbago Knight Riders 121* (49) 40 Andre Russell
22%
SA 2019 Essex Surrey 129 (49) 38 Cameron Delport
17%
AUS 2014 Perth Scorchers Adelaide Strikers 102 (41) 39 Craig Simmons
17%
ENG 2015 Northamptonshire Sussex 100 (41) 40 David Willey
17%
AUS 2018 Nottinghamshire Northamptonshire 113* (40) 37 Dan Christian
13%
NZ 2012 Sussex Gloucestershire 100* (37) 37 Scott Styris
13%
IND 2019 Mumbai Sikkim 147 (55) 38 Shreyas Iyer
13%
PAK 2012 Barisal Burners Duronto Rajshahi 113* (49) 40 Ahmed Shehzad
9%
SL 2016 Sinhalese Sports Club Galle Cricket Club 131* (48) 40 Dasun Shanaka
9%
PAK 2020 Southern Punjab Sindh 100 (36) 35 Khushdil Shah
9%
NAM 2011 Namibia Kenya 145 (50) 35 Louis van der Westhuizen
9%
IND 2021 Kerala Mumbai 137* (54) 37 Mohammed Azharuddeen
9%
IND 2019 Andhra Nagaland 108* (42) 38 Ricky Bhui
9%
NZ 2017 Northern Districts Auckland 107 (42) 40 Tim Seifert
9%
SA 2018 North West Limpopo 102 (36) 33 Wihan Lubbe
9%
No matching quizzes found
Score Distribution
Percent of People with Each Score
Percentile by Number Answered
Your Score History
You have not taken this quiz